[Event "Helsinki"]
[Site "Helsinki"]
[Date "1995.??.??"]
[Round "?"]
[White "Raaste, Eero J"]
[Black "Maki, Veijo"]
[Result "1/2-1/2"]
[WhiteElo "2355"]
[BlackElo "2410"]

1.e4 g6 2.d4 Bg7 3.Nc3 c6 4.Nf3 d6 5.Bf4 Bg4 6.Qd2 Bxf3 7.gxf3 Nd7 8.O-O-O b5
9.Kb1 Nb6 10.Qe1 Nf6 11.e5 Nfd5 12.Nxd5 Nxd5 13.Bc1 dxe5 14.dxe5 e6 15.h4 h5
16.Bd3 Qc7 17.f4 Bf8 18.Be4 Be7 19.Qe2 O-O-O 20.c4 bxc4 21.Qxc4 Nb6 22.Rxd8+ Rxd8
23.Qxc6 Qxc6 24.Bxc6 Bc5 25.Be3 Bxe3 26.fxe3 Rd2 27.Be8 Kd8 28.Bxf7 Na4 29.Bxe6 Rxb2+
30.Ka1 Re2 31.Bb3 Nc3 32.Rg1 a5 33.a4 Rxe3 34.Rxg6 Ne2 35.Bc4 Nxf4 36.Rg8+ Kc7
37.Rg5 Ra3+ 38.Kb1 Rxa4 39.Bf7 Rb4+ 40.Ka2 Ne2 41.e6 Nc3+ 42.Ka3 Nb1+ 43.Ka2 Nc3+  1/2-1/2

[Event "Hofheim MT"]
[Site "Hofheim"]
[Date "1995.??.??"]
[Round "3"]
[White "Zude, Arno"]
[Black "Schmitzer, Klaus"]
[Result "1/2-1/2"]
[WhiteElo "2430"]
[BlackElo "2355"]

1.e4 g6 2.d4 Bg7 3.Nc3 c6 4.Nf3 d5 5.h3 Nf6 6.Bd3 dxe4 7.Nxe4 Nbd7 8.Nxf6+ Nxf6
9.O-O O-O 10.Re1 Re8 11.c3 Qc7 12.Qb3 b6 13.Bc4 e6 14.Ne5 Nd7 15.Nxd7 Bxd7
16.Re4 c5 17.Bf4 Qb7 18.Rae1 cxd4 19.cxd4 Bc6 20.d5 exd5 21.Rxe8+ Rxe8 22.Rxe8+ Bxe8
23.Bxd5 Bc6 24.Bxc6 Qxc6 25.Qd3 h5  1/2-1/2

[Event "Hofheim MVT"]
[Site "Hofheim"]
[Date "1995.??.??"]
[Round "10"]
[White "Zunker, Reinhard"]
[Black "Krah, Michael"]
[Result "1-0"]
[WhiteElo "2220"]
[BlackElo "2120"]

1.e4 g6 2.d4 Bg7 3.Nc3 c6 4.Be3 d5 5.e5 Nh6 6.Qd2 Nf5 7.Bf4 h5 8.Nf3 e6 9.h3 b6
10.O-O-O c5 11.dxc5 bxc5 12.g4 Ne7 13.Ne4 Nd7 14.Nd6+ Kf8 15.Ng5 Nxe5 16.Bxe5 Bxe5
17.Ngxf7 Bxb2+ 18.Kxb2 Qb6+ 19.Ka1 Rb8 20.c3 Rh7 21.Nxc8 Nxc8 22.Ne5 Nd6
23.Bd3  1-0

[Event "Hofheim MT"]
[Site "Hofheim"]
[Date "1995.??.??"]
[Round "11"]
[White "Kersten, Uwe"]
[Black "Schmitzer, Klaus"]
[Result "1/2-1/2"]
[WhiteElo "2310"]
[BlackElo "2355"]

1.e4 g6 2.d4 Bg7 3.Nc3 c6 4.f4 d5 5.e5 h5 6.Nf3 Nh6 7.Be3 b6 8.Bd3 Nf5 9.Bf2 Ba6
10.g3 Qc8 11.Ne2 Bxd3 12.Qxd3 Qa6 13.Qd2 Nd7 14.O-O e6 15.b3 Rd8 16.Rfc1 c5
17.c4 dxc4 18.Rxc4 O-O 19.Qc2 Qb7 20.Ng5 b5 21.Rc3 cxd4 22.Nxd4 Nxe5 23.Nxf5 exf5
24.fxe5 Bxe5 25.Re1 Bxc3 26.Qxc3 Rfe8 27.Rxe8+ Rxe8 28.Qf6 Qe7 29.Qxe7 Rxe7
30.b4 a6 31.Kf1 f6 32.Nf3 Re4 33.Nd4 Kf7 34.a3 Ke7 35.Nb3 Rc4 36.Nc5 Rc3
37.Nxa6 Rxa3 38.Nc7 Ra1+ 39.Kg2 Kd7 40.Nxb5 Rb1 41.Bc5 Rb2+ 42.Kg1 Rb1+ 43.Kg2 Rb2+
44.Kg1 g5 45.h4 f4 46.gxf4 gxf4 47.Nd4 f3 48.Kf1 f2 49.Kg2 Kc7 50.Ne6+ Kc6
51.Nf4 Rc2 52.Nxh5 Rc4 53.Bxf2 Rxb4 54.Nxf6 Kd6 55.Kf3 Ke6 56.Ng4 Kf5 57.Ne3+ Kg6
58.Ng2 Kf5 59.Be3 Rb1 60.Bf2 Rb4 61.Bg3 Rb3+ 62.Ne3+ Kg6 63.Bf4 Kh5 64.Bg5 Ra3
65.Kf4 Ra4+ 66.Kf5 Ra5+ 67.Kf6 Ra6+ 68.Ke5 Ra2 69.Nd5 Ra5 70.Bd8 Ra8 71.Be7 Ra5
72.Bg5 Kg4 73.Ke6 Kh5 74.Nf4+ Kg4 75.Kf6 Rf5+ 76.Kg6 Rxf4 77.Bxf4 Kxh4  1/2-1/2

[Event "EU-ch U20"]
[Site "Holon"]
[Date "1995.??.??"]
[Round "9"]
[White "Stocek, Jiri"]
[Black "Finkel, Alexander"]
[Result "1/2-1/2"]
[WhiteElo "2475"]
[BlackElo "2490"]

1.e4 g6 2.d4 Bg7 3.Nc3 c6 4.Nf3 d6 5.a4 Nd7 6.Be3 Qc7 7.h3 Ngf6 8.a5 O-O
9.Be2 e5 10.O-O Re8 11.dxe5 dxe5 12.Qb1 Nf8 13.Qa2 Ne6 14.Bc4 h6 15.b4 Bf8
16.Qb2 Qd6 17.Na2 Nd4 18.Bxd4 exd4 19.e5 Rxe5 20.Nxe5 Qxe5 21.Rad1 Bd6 22.f4 Qe3+
23.Rf2 Bxf4 24.Rxd4 Bh2+ 25.Kf1 Bf5 26.Qc3 Qxc3 27.Nxc3 Be5 28.Ne2 Bxd4 29.Nxd4 Ne4
30.Rf4 Nd6 31.Bb3 Re8 32.Nxf5 Nxf5 33.g4 Ne3+ 34.Kg1 Nd5 35.Rd4 Re5 36.b5 a6
37.c4 Nc3 38.Rd7 Ne2+ 39.Kf2 Nc1 40.Rxb7 cxb5 41.cxb5 Nxb3 42.bxa6 Rxa5 43.Rxb3 Rxa6
44.Kg3 Kg7 45.h4 Ra4 46.g5 Rd4 47.Ra3 h5 48.Ra8 Rd3+ 49.Kg2 Re3 50.Rb8 f5
51.gxf6+ Kxf6 52.Rb5 Re5 53.Rb6+ Kf5 54.Kf3 Ra5 55.Rb3 Ke5 56.Re3+ Kd4 57.Re6 Rf5+
58.Kg3 Rf1  1/2-1/2

[Event "HUN-chT1"]
[Site "HUN"]
[Date "1995.??.??"]
[Round "?"]
[White "Horvath, Imre"]
[Black "Puschmann, Laszlo"]
[Result "1-0"]
[WhiteElo "2345"]
[BlackElo "2340"]

1.e4 g6 2.Nc3 Bg7 3.d4 c6 4.Bc4 d6 5.Qf3 e6 6.Nge2 Ne7 7.Bg5 O-O 8.h4 d5
9.Bd3 f6 10.Bd2 f5 11.exd5 cxd5 12.h5 Nbc6 13.hxg6 hxg6 14.Bh6 Bxh6 15.Rxh6 Kg7
16.Rh1 Bd7 17.O-O-O Rh8 18.Qe3 Qf8 19.Nf4 Qf6 20.Bb5 Rxh1 21.Rxh1 Rh8 22.Re1 Kf7
23.Bxc6 Nxc6 24.Nb5 g5 25.Nd6+ Kg8 26.Nxe6 Rh6 27.Nc5 Qxd6 28.Qxg5+ Rg6 29.Qh5 Bc8
30.Re8+ Kf7 31.Rxc8 Nxd4 32.Nd3 Ne6 33.Qxf5+ Kg7 34.g3  1-0

[Event "HUN-chT1"]
[Site "HUN"]
[Date "1995.??.??"]
[Round "?"]
[White "Palkovi, Jozsef"]
[Black "Mozes, Ervin"]
[Result "1-0"]
[WhiteElo "2420"]
[BlackElo "2380"]

1.e4 g6 2.d4 Bg7 3.Nc3 c6 4.h3 d6 5.a4 Nf6 6.Nge2 O-O 7.g3 e5 8.Bg2 Na6 9.O-O Nb4
10.Be3 b6 11.Qd2 Bb7 12.f4 Re8 13.Rad1 exd4 14.Nxd4 c5 15.Ndb5 Bf8 16.e5 Bxg2
17.Qxg2 d5 18.Bc1 a6 19.Na3 Nh5 20.Nxd5 Nxd5 21.Rxd5 Qc8 22.g4 Ng7 23.Nc4 Qc6
24.f5 Ra7 25.Bg5 Qxa4 26.b3 Qc6 27.Nd2 c4 28.bxc4 Kh8 29.Bf6 Kg8 30.Kh1 Bb4
31.Rd1 Rc7 32.Ne4 Qxc4 33.Bd8 Rc8  1-0

[Event "HUN-chT1"]
[Site "HUN"]
[Date "1995.??.??"]
[Round "?"]
[White "Halasz, Tamas"]
[Black "Pirisi, Gabor"]
[Result "1/2-1/2"]
[WhiteElo "2365"]
[BlackElo "2405"]

1.d4 g6 2.e4 Bg7 3.Nc3 c6 4.f4 d5 5.e5 h5 6.Nf3 Bg4 7.Be2 Bxf3 8.Bxf3 Nh6
9.Be3 Nf5 10.Bf2 Qb6  1/2-1/2

[Event "HUN-chT1"]
[Site "HUN"]
[Date "1995.??.??"]
[Round "?"]
[White "Gyimesi, Zoltan"]
[Black "Barczay, Laszlo"]
[Result "1-0"]
[WhiteElo "2500"]
[BlackElo "2400"]

1.d4 g6 2.e4 Bg7 3.Nc3 c6 4.Be3 d5 5.Qd2 Nf6 6.e5 Ng4 7.Bf4 h5 8.h3 Nh6 9.g4 Qa5
10.O-O-O Na6 11.a3 Nc7 12.Be2 Bd7 13.gxh5 gxh5 14.Bxh5 Ne6 15.Be3 Nf5 16.Bg4 Nxe3
17.fxe3 b5 18.Nge2 Bh6 19.Kb1 Rb8 20.Nc1 Qd8 21.Qf2 b4 22.axb4 Rxb4 23.Nd3 Rc4
24.Rdf1 Rf8 25.Na2 Ra4 26.Bxe6 Bxe6 27.Nc5 Qa5 28.Nxa4 Qxa4 29.Nc1 f6 30.Qe2  1-0

[Event "HUN-chT1"]
[Site "HUN"]
[Date "1995.??.??"]
[Round "?"]
[White "Fusthy, Zsolt"]
[Black "Bodo, Norbert"]
[Result "1-0"]
[WhiteElo "2300"]
[BlackElo "2280"]

1.e4 g6 2.d4 Bg7 3.Nc3 c6 4.Nf3 d5 5.h3 dxe4 6.Nxe4 Nd7 7.Bc4 Ngf6 8.Nxf6+ Nxf6
9.O-O O-O 10.Bg5 h6 11.Bf4 Nd5 12.Be5 Be6 13.Bb3 Bxe5 14.Nxe5 Nf4 15.Re1 Bxb3
16.axb3 Nd5 17.Qd2 Kg7 18.Ng4 Rh8 19.c4 Nf6 20.Qb4 Nxg4 21.hxg4 Qxd4 22.Qxb7 c5
23.Rxe7 Rhf8 24.Rxa7 Rxa7 25.Qxa7 Qd1+ 26.Kh2 Qxg4 27.Qxc5 Qf4+ 28.g3 Qf3
29.Qe5+ Kg8 30.Qe3 Qf6 31.Re8 Rxe8 32.Qxe8+ Kg7 33.Qe2 h5 34.b4 g5 35.b5 h4
36.Qd2 hxg3+ 37.fxg3 Qf5 38.Qd4+ f6 39.b6 Qc2+ 40.Kg1 Qb1+ 41.Kg2 Qc2+ 42.Kf3 Qf5+
43.Ke3 Qc2 44.Qc3 Qg2 45.Kd4 Qf2+ 46.Qe3 Qxb2+ 47.Kd5 Qg2+ 48.Kd6 Kf7 49.Kc7 Qa2
50.c5 Qa5 51.Qd4 Kg6 52.c6 Qa3 53.b7 Qe7+ 54.Qd7 Qe5+ 55.Kc8  1-0

[Event "HUN-chT1"]
[Site "HUN"]
[Date "1995.??.??"]
[Round "?"]
[White "Forgo, Eva"]
[Black "Soponyai, Tamas"]
[Result "1/2-1/2"]
[WhiteElo "2250"]
[BlackElo "2110"]

1.e4 g6 2.d4 Bg7 3.Nc3 c6 4.Nf3 d6 5.h3 Nd7 6.Be2 e5 7.O-O Qc7 8.Be3 Ngf6
9.a4 a5 10.Qd2 O-O 11.dxe5 dxe5 12.Rfd1 Re8 13.Ng5 Nf8 14.Bc4 Ne6 15.Bxe6 Bxe6
16.Nxe6 Rxe6 17.f3 Bf8 18.Qf2 Qe7 19.Rd3 Nd7 20.Rad1 Nc5 21.R3d2 b6 22.b3 f5
23.Qe2 Qf7 24.Qc4 Rf6 25.Qxf7+ Rxf7 26.Rd8 Rxd8 27.Rxd8 Kg7 28.Rb8 f4 29.Bf2 Nd7
30.Rb7 Bb4 31.Ne2 Bd2 32.Kf1 c5 33.Ng1 Kf8 34.h4 Ke7 35.Nh3 h6 36.Ke2 Bc3
37.Kd3 Bd4 38.Be1 Kd8 39.Kc4 Kc8 40.Ra7 Kb8 41.Ra6 Kb7 42.Kb5 Rf6 43.Bxa5 bxa5
44.Rxf6 Nxf6 45.Kxa5 Kc6 46.Ka6 Nd7 47.c4 Nf8 48.Ka7 Ne6 49.Kb8 Bc3 50.Kc8 Ba5
51.Nf2 h5 52.Nd3 Bc3 53.a5 Nc7 54.Kd8 Kd6 55.Nxc5 Kxc5 56.Kxc7 Bxa5+ 57.Kd7 Be1
58.Ke6 Kd4 59.Kf6 Bxh4+ 60.Kxg6 Bf2 61.Kxh5  1/2-1/2

[Event "HUN-chT1"]
[Site "HUN"]
[Date "1995.??.??"]
[Round "?"]
[White "Zetocha, Claudiu"]
[Black "Abel, Lajos"]
[Result "0-1"]
[WhiteElo "2315"]
[BlackElo "2235"]

1.e4 g6 2.d4 Bg7 3.Nc3 c6 4.Nf3 d5 5.h3 dxe4 6.Nxe4 Nh6 7.Bc4 O-O 8.O-O Nf5
9.c3 Nd6 10.Bd3 Nxe4 11.Bxe4 Nd7 12.Re1 Qc7 13.Bc2 Nb6 14.Bg5 Be6 15.Qd2 Rae8
16.Rad1 Bd5 17.Bf4 Qc8 18.Ne5 Nc4 19.Nxc4 Bxc4 20.Bh6 Qd7 21.Bxg7 Kxg7 22.Re4 h6
23.d5 Ba6 24.Rh4 Rh8 25.dxc6 Qxc6 26.Rd4 Qf6 27.Bb3 Rhf8 28.Qe3 e6 29.Rf4 Qg5
30.h4 Qe7 31.Qe5+ f6 32.Qe3 e5 33.Rb4 b6 34.h5 g5 35.Re1 Bc8 36.Ba4 Bd7 37.Bc2 Bc6
38.Bg6 Rd8 39.Be4 Be8 40.g4 Bd7 41.Bc2 Bc6 42.Rc4 Qe6 43.Bb3 Qd7 44.Rxc6 Qxc6
45.Re2 Rd6 46.Bc2 Rfd8 47.Be4 Qd7 48.Qf3 Rd1+ 49.Kg2 Rc1 50.Qf5 Qxf5 51.Bxf5 Rcd1
52.Kf3 R1d2 53.Ke3 Rxe2+ 54.Kxe2 Kf8 55.f3 Ke7 56.Be4 a5 57.a4 Kd6 58.Kd2 Kc5+
59.Ke3 Rd1 60.b3 Re1+ 61.Kd3 Rg1 62.Ke3 Rd1 63.Ke2 Rd8 64.Ke3 Re8 65.Bf5 Kd5
66.Kd3 Kc5 67.Ke2  0-1

[Event "HUN-chT1"]
[Site "HUN"]
[Date "1995.??.??"]
[Round "?"]
[White "Boros, Daniel"]
[Black "Bodo, Norbert"]
[Result "1/2-1/2"]
[WhiteElo "2285"]
[BlackElo "2280"]

1.e4 g6 2.d4 Bg7 3.Nc3 c6 4.Be2 d5 5.e5 h5 6.h3 Nh6 7.Nf3 Nf5 8.Bf4 e6 9.O-O Nd7
10.Bd3 Bf8 11.Ne2 Be7 12.Qd2 c5 13.dxc5 Nxc5 14.Ned4 Nxd4 15.Nxd4 a6 16.Rfe1 Bd7
17.c4 Nxd3 18.Qxd3 dxc4 19.Qxc4 Qb6 20.Red1 Rc8 21.Qd3 O-O 22.Be3 Bc5 23.a3 Ba4
24.b4 Bxd4 25.Bxd4 Qc6 26.Re1 Rfd8 27.Qe3 Qc4 28.Rac1 Qd5 29.Rxc8 Rxc8 30.Bc5 Bb5  1/2-1/2

[Event "HUN-chT1"]
[Site "HUN"]
[Date "1995.??.??"]
[Round "?"]
[White "Lorincz, Istvan"]
[Black "Gyurkovics, Miklos"]
[Result "1-0"]
[WhiteElo "2360"]
[BlackElo "2260"]

1.d4 g6 2.e4 Bg7 3.Nc3 c6 4.Bc4 b5 5.Bb3 d6 6.Nxb5 Nf6 7.Nc3 a5 8.Nge2 Ba6
9.O-O O-O 10.e5 dxe5 11.dxe5 Ng4 12.e6 f5 13.Bg5 Qc7 14.g3 Rd8 15.Qe1 Ne5
16.f3 Nc4 17.Bxc4 Bxc4 18.Rf2 h6 19.Be3 Bxe6 20.Bd4 Bf7 21.Bxg7 Kxg7 22.f4 Nd7
23.Na4 Nf6 24.Nec3 Rd4 25.Nc5 Qd6 26.Nb3 Ne4 27.Nxd4 Qxd4 28.Nxe4 fxe4 29.Qc3 c5
30.Qxd4+ cxd4 31.Rd2 Rd8 32.Re1 e3 33.Rxe3 dxe3 34.Rxd8 Bxa2 35.Ra8 Bb1 36.Rxa5 Bxc2  1-0

[Event "HUN-chT2 9495"]
[Site "HUN"]
[Date "1995.??.??"]
[Round "?"]
[White "Marosi, Csaba"]
[Black "Rausz, Attila"]
[Result "1/2-1/2"]
[WhiteElo "2230"]
[BlackElo "2210"]

1.e4 g6 2.d4 Bg7 3.Nc3 c6 4.Bc4 d6 5.Qf3 e6 6.Nge2 b5 7.Bb3 Nd7 8.O-O Bb7
9.Qg3 b4 10.Nd1 Qc7 11.Ne3 Ngf6 12.Qh3 O-O 13.Ng3 c5 14.d5 Nb6 15.c4 bxc3
16.dxe6 Nxe4 17.exf7+ Kh8 18.bxc3 Nxc3 19.Bd2 c4 20.Nxc4 Nxc4 21.Bxc3 Bxc3
22.Rac1 Nd2 23.Ne2 Nxb3 24.axb3 Ba6 25.Rxc3 Qxf7 26.Rf3 Qg7 27.Re3 Rae8 28.Qg4 Qf6
29.Rxe8 Rxe8 30.Qa4 Rxe2 31.Qxa6 Re7 32.h3 Qd4 33.Rc1 Kg7  1/2-1/2

[Event "HUN-chT1"]
[Site "HUN"]
[Date "1995.??.??"]
[Round "?"]
[White "Zetocha, Claudiu"]
[Black "Horvath, Jozsef"]
[Result "1/2-1/2"]
[WhiteElo "2315"]
[BlackElo "2515"]

1.e4 c6 2.d4 g6 3.Nc3 Bg7 4.Nf3 d5 5.h3 dxe4 6.Nxe4 Nd7 7.Bc4 Nb6 8.Bb3 Nd5
9.O-O Ngf6 10.Nxf6+ Nxf6 11.Re1 O-O 12.Qe2 e6 13.Bg5 Qc7 14.Rad1 a5 15.a4 Nd5
16.Qd2 b6 17.Bh6 Ba6 18.Re4 Rfe8 19.Rde1 Qd6 20.c3 Bxh6 21.Qxh6 Qf8 22.Qh4 Qg7
23.Re5 h6 24.Qe4 Red8 25.Qb1 Qf6 26.Nh2 h5 27.Bc2 Nf4 28.R1e3 Rd5 29.Qe1 Rxe5
30.Rxe5  1/2-1/2

[Event "HUN-chT1 9596"]
[Site "HUN"]
[Date "1995.??.??"]
[Round "2"]
[White "Dobos, Jozsef"]
[Black "Pirisi, Gabor"]
[Result "1/2-1/2"]
[WhiteElo "2325"]
[BlackElo "2405"]

1.d4 g6 2.e4 Bg7 3.Nc3 c6 4.h3 d6 5.Be3 Nd7 6.Qd2 b5 7.Bd3 Nb6 8.b3 Qc7 9.Nf3 a6
10.Rd1 e5 11.O-O Ne7 12.Bh6 O-O  1/2-1/2

[Event "HUN-chT1 9596"]
[Site "HUN"]
[Date "1995.??.??"]
[Round "3"]
[White "Fusthy, Zsolt"]
[Black "Horvath, Julia"]
[Result "1/2-1/2"]
[WhiteElo "2300"]
[BlackElo "2270"]

1.e4 g6 2.d4 Bg7 3.Nc3 c6 4.Nf3 d6 5.Be3 Nf6 6.h3 O-O 7.Qd2 a5 8.a4 Na6 9.Bh6 Nb4
10.O-O-O Qc7 11.g4 Bd7 12.Bxg7  1/2-1/2

[Event "HUN-chT2 9596"]
[Site "HUN"]
[Date "1995.??.??"]
[Round "3"]
[White "Sax, Gyula"]
[Black "Vadasz, Laszlo"]
[Result "1-0"]
[WhiteElo "2535"]
[BlackElo "2365"]

1.e4 g6 2.d4 Bg7 3.Nc3 c6 4.h3 d6 5.g3 Nf6 6.Bg2 O-O 7.Nge2 Nbd7 8.O-O e5
9.Be3 Re8 10.f4 exf4 11.Bxf4 Nf8 12.Qd2 Be6 13.b3 d5 14.e5 N6d7 15.Rf2 c5
16.Nxd5 cxd4 17.Bg5 Qc8 18.Nf6+ Nxf6 19.Bxf6 Nd7 20.Bxg7 Kxg7 21.Raf1 Rb8
22.Nf4 Qc7 23.Qxd4 Re7 24.Nd5 Qc5  1-0

[Event "HUN-chT2 9596"]
[Site "HUN"]
[Date "1995.??.??"]
[Round "3"]
[White "Haag, Ervin"]
[Black "Ezsol, Miklos"]
[Result "0-1"]
[WhiteElo "2355"]
[BlackElo "2295"]

1.e4 c6 2.d4 g6 3.Nc3 Bg7 4.Nf3 d5 5.h3 Nh6 6.Bd3 f6 7.O-O Nf7 8.Re1 O-O
9.Bf1 b6 10.a4 a6 11.b3 Re8 12.Bb2 Bb7 13.Qd2 Nd7 14.Rad1 Rc8 15.g3 Qc7 16.Bg2 e6
17.Re2 a5 18.exd5 exd5 19.Rde1 Nd6 20.Qf4 Rxe2 21.Rxe2 Bf8 22.h4 Re8 23.Bh3 Rxe2
24.Nxe2 Ba6 25.Be6+ Kg7 26.c4 Be7 27.Nc3 dxc4 28.d5 Nc5 29.Bc1 Nxe6 30.dxe6 cxb3
31.Ne4 Qd8 32.Qh6+ Kh8 33.Neg5 Qg8 34.Nf7+ Nxf7 35.exf7 Qxf7 36.Bb2 Qg7 37.Qe3 Qf8
38.Ng5 Bc4 39.Ne6 Bxe6 40.Qxe6 Kg7 41.Qxb3 Qd8 42.Qe6 Bd6 43.h5 gxh5 44.Qf5 Be7
45.Qg5+ Kf8 46.Qh6+ Kg8 47.Qxh5 Qd7 48.Bc1 b5 49.Bh6 bxa4 50.Qxa5 a3 51.Qa8+ Kf7
52.Qh8 Qd3 53.Qg7+ Ke8 54.Be3 Qd5 55.Qxh7 a2 56.Bd4 Qxd4 57.Qg8+ Kd7 58.Qxa2 Qd1+
59.Kh2 Qh5+ 60.Kg1 Bc5  0-1

[Event "HUN-chT1 9596"]
[Site "HUN"]
[Date "1995.??.??"]
[Round "5"]
[White "Csato, Eszter"]
[Black "Bodo, Norbert"]
[Result "0-1"]
[WhiteElo "2060"]
[BlackElo "2280"]

1.e4 g6 2.d4 Bg7 3.Nc3 c6 4.Be3 d5 5.e5 h5 6.Qd2 Nh6 7.h3 b6 8.f4 Qc7 9.Nf3 Bf8
10.Bd3 Bf5 11.Nh4 e6 12.Nxf5 Nxf5 13.Bf2 a6 14.O-O-O h4 15.Bxf5 gxf5 16.g4 hxg3
17.Bxg3 Nd7 18.h4 b5 19.Rdg1 c5 20.dxc5 Nxc5 21.Bf2 b4 22.Nxd5 exd5 23.Qxd5 Rd8
24.Qc4 Rc8 25.Be3 Ne6 26.Qb3 Bc5 27.Rg2 Bxe3+ 28.Qxe3 Qc5 29.Qg3 Qc4 30.Rf2 Qxa2  0-1

[Event "Jyvaskyla op"]
[Site "Jyvaskyla"]
[Date "1995.??.??"]
[Round "4"]
[White "Westerinen, Heikki MJ"]
[Black "Vetemaa, Juri"]
[Result "1/2-1/2"]
[WhiteElo "2405"]
[BlackElo "2365"]

1.e4 g6 2.d4 Bg7 3.Nc3 c6 4.f4 d5 5.e5 h5 6.Nf3 Bg4 7.Be2 Nh6 8.Be3 Nf5 9.Bf2 e6
10.Qd2 Nd7 11.g3 b5 12.h3 Bxf3 13.Bxf3 Bf8 14.Kf1 b4 15.Ne2 Rb8 16.Kg2 c5
17.c4 bxc3 18.bxc3 c4 19.Rab1 Ba3 20.Qc2 Qa5 21.g4 hxg4 22.hxg4 Rxh1 23.Rxb8+ Nxb8
24.Kxh1 Ne7 25.Bh4 Nbc6 26.Ng3 Qb5 27.Bxe7 Kxe7 28.f5 Qb2 29.Bd1 gxf5 30.gxf5 Qxc2
31.Bxc2 f6  1/2-1/2

[Event "Kassel op"]
[Site "Kassel"]
[Date "1995.??.??"]
[Round "3"]
[White "Reh, Philipp"]
[Black "Menk, Rolf"]
[Result "1/2-1/2"]
[WhiteElo "2105"]
[BlackElo "2305"]

1.d4 g6 2.e4 Bg7 3.Nc3 c6 4.f4 d5 5.e5 h5 6.Nf3 Bg4 7.Be3 e6 8.Be2 Ne7 9.Qd2 Nd7
10.O-O a5 11.a4 Nf5 12.Bf2 Bxf3 13.Bxf3 h4 14.Ne2 Bh6 15.Bg4 Bf8 16.b3 Be7
17.c4 Nb8 18.c5 Na6 19.Rfd1 Nh6 20.Bf3 Nb4 21.Nc1 g5 22.fxg5 Bxg5 23.Qe2 Bf4
24.Nd3 Nxd3 25.Rxd3 Qg5 26.Be3 Nf5 27.Bxf4 Qxf4 28.Qd2 Qxd2 29.Rxd2 Rg8 30.Kf2 Rg5
31.Rb1 Kd7 32.b4 axb4 33.Rxb4 Ra7 34.Rdb2 Kc7 35.Be2 Nh6 36.R2b3 Rf5+ 37.Ke1 Rf4
38.Rf3 Rxf3 39.Bxf3 Ra8 40.Kf2 Rg8 41.Ke3 Rg5 42.Kf4 Rf5+ 43.Ke3 Kb8 44.Rb6 f6
45.exf6 Rxf6 46.a5 Nf5+ 47.Kd3 Kc7 48.h3 Ne7 49.a6 bxa6 50.Rxa6 Kd7 51.Rb6 Kc7
52.Ra6 Nc8 53.Ke3 Kb7 54.Ra1 Ne7 55.Rb1+ Kc7 56.Ra1 Nc8 57.Ra2 Rf7 58.Ra1 Kd8
59.Ra8 Ra7 60.Rxa7 Nxa7 61.Kf4 Nb5 62.Ke5 Kd7 63.Bg4 Ke7 64.Bxe6 Na3 65.Bxd5 cxd5
66.Kxd5 Nc2  1/2-1/2

[Event "Kassel op"]
[Site "Kassel"]
[Date "1995.??.??"]
[Round "5"]
[White "Johnen, Daniel"]
[Black "Menk, Rolf"]
[Result "0-1"]
[WhiteElo "2105"]
[BlackElo "2305"]

1.e4 g6 2.d4 Bg7 3.Nc3 c6 4.Nf3 d5 5.h3 Nh6 6.Bf4 f6 7.Qd2 Nf7 8.O-O-O O-O
9.Kb1 Na6 10.g4 e5 11.Bxa6 bxa6 12.Be3 c5 13.Nxd5 cxd4 14.Qb4 Be6 15.Ne7+ Kh8
16.c3 Qc7 17.cxd4 Rfb8 18.Qc5 Qb7 19.Bc1 Bf8  0-1

[Event "Kassel op"]
[Site "Kassel"]
[Date "1995.??.??"]
[Round "7"]
[White "Sawatzki, Frank"]
[Black "Menk, Rolf"]
[Result "1/2-1/2"]
[WhiteElo "2255"]
[BlackElo "2305"]

1.e4 g6 2.d4 Bg7 3.Nc3 c6 4.Nf3 d5 5.h3 Nh6 6.Bf4 f6 7.exd5 cxd5 8.Nb5 O-O
9.c4 Nc6 10.cxd5 Qxd5 11.Nc7 Qa5+ 12.Qd2 Qxd2+  1/2-1/2

[Event "Kiekrz op"]
[Site "Kiekrz"]
[Date "1995.??.??"]
[Round "2"]
[White "Pedersen, Jan"]
[Black "Kummer, Helmut"]
[Result "1/2-1/2"]
[WhiteElo "2340"]
[BlackElo "2290"]

1.e4 g6 2.d4 Bg7 3.Nc3 c6 4.Bc4 d6 5.Qf3 e6 6.Nge2 d5 7.Bd3 b6 8.h4 Ba6 9.h5 Bxd3
10.Qxd3 Nf6 11.hxg6 hxg6 12.Rxh8+ Bxh8 13.Bg5 Qc7 14.e5 Nfd7 15.O-O-O Bg7
16.Rh1 Nf8 17.Kb1 a6 18.Nd1 c5 19.c3 Nc6 20.Ne3 c4 21.Qc2 b5 22.f4 b4 23.cxb4 Rb8
24.a3 a5 25.b5 Rxb5 26.g4 Rb3 27.f5 gxf5 28.gxf5 Nxe5 29.f6 Bxf6 30.Bxf6 Nd3
31.Nd1 Ng6 32.Rh7 Qb7 33.Nc1 Nxc1 34.Kxc1 Nf4 35.Rh8+ Kd7 36.Qh7 Nd3+ 37.Kd2 Rxb2+
38.Ke3 Kc6 39.Qg8 Rb3 40.Qe8+ Kb6 41.Kd2 Ka6 42.Qa8+ Qxa8 43.Rxa8+ Kb5 44.a4+ Kc6
45.Rxa5 Nb4 46.Rc5+ Kb7 47.Rb5+ Ka6 48.Ke2 Nd3 49.Rxb3 Nc1+ 50.Kd2 Nxb3+
51.Kc3 Ka5 52.Nb2 Nc1 53.Bd8+ Ka6 54.Kd2 Nb3+ 55.Ke3 Kb7 56.Nd1 e5 57.dxe5 d4+
58.Ke4 c3 59.Nf2 c2 60.Bg5 c1=Q 61.Bxc1 Nxc1 62.Kxd4 Kb6 63.Kd5  1/2-1/2

[Event "Platonov mem"]
[Site "Kiev"]
[Date "1995.??.??"]
[Round "12"]
[White "Frolov, Artur"]
[Black "Baklan, Vladimir"]
[Result "1/2-1/2"]
[WhiteElo "2520"]
[BlackElo "2490"]

1.e4 g6 2.d4 Bg7 3.Nc3 c6 4.Be3 d5 5.Qd2 dxe4 6.Nxe4 Bf5 7.Ng3 Be6 8.h4 Nf6
9.h5 Ng4 10.h6 Bf6 11.Ne4 Nxe3 12.Nxf6+ exf6 13.fxe3 O-O 14.Ne2 Nd7 15.O-O-O b5
16.Kb1 Bg4 17.Re1 Re8 18.Nf4 Nc5 19.Bd3 Nxd3 20.Qxd3 Qd6 21.Qd2 Rad8 22.Qf2 c5
23.dxc5 Qxc5 24.Nd3 Qb6 25.Qf4 Bc8 26.Rhf1 Bb7 27.g4 Re6 28.g5 Bd5 29.gxf6 Re4
30.Qg3 Bxa2+ 31.Kxa2 Qa5+ 32.Kb1 Ra4 33.c3 Rxd3 34.Kc2 Rd8 35.Rd1 Rc8 36.Qe5 Ra2
37.Rf4 Qa3 38.Rb1 b4 39.Rc4 b3+ 40.Kd1 Qa6 41.Rxc8+ Qxc8 42.Ke1 Ra6 43.Qe7 Qb8
44.Rd1 Qg3+ 45.Ke2 Qg2+  1/2-1/2

[Event "Kurgan"]
[Site "Kurgan"]
[Date "1995.??.??"]
[Round "7"]
[White "Kotsur, Pavel"]
[Black "Komliakov, Viktor"]
[Result "1-0"]
[WhiteElo "2415"]
[BlackElo "2535"]

1.e4 g6 2.d4 Bg7 3.Nc3 c6 4.Nf3 d5 5.h3 Nf6 6.Bd3 dxe4 7.Nxe4 Nxe4 8.Bxe4 Nd7
9.O-O c5 10.dxc5 Qc7 11.c6 bxc6 12.Be3 O-O 13.Qc1 e5 14.Bd3 c5 15.Bh6 Bb7
16.Bxg7 Kxg7 17.Qe3 Rfe8 18.Be4 Bxe4 19.Qxe4 Nf6 20.Qe2 Rad8 21.Rad1 e4 22.Nd2 Rd4
23.Nb3 Ra4 24.a3 Qb6 25.Qe3 c4 26.Qd4 Qb5 27.Nd2 Qc6 28.Nb1 Ra5 29.Qc3 Rg5
30.Rd2 Rxg2+ 31.Kxg2 e3+ 32.Kg1 exd2 33.Nxd2 Kg8 34.Qxc4 Qb6 35.b4 Qd6 36.Nf3 Nh5
37.Re1 Rxe1+ 38.Nxe1 Nf4 39.Qc8+ Kg7 40.Qc3+ f6 41.Qe3 a6 42.Nd3 Ne6 43.c4 h5
44.c5 Qd5 45.Nf4 Nxf4 46.Qxf4 g5 47.Qe3 h4 48.Qc3 Qd1+ 49.Kh2 Kg6 50.c6 Qd6+
51.Kg2 Qd5+ 52.f3 Qd6 53.c7 Qg3+ 54.Kf1 Qxh3+ 55.Kf2 Qh2+ 56.Ke1 Qg3+ 57.Ke2  1-0

[Event "Clarin op"]
[Site "La Carlota"]
[Date "1995.??.??"]
[Round "6"]
[White "Servat, Roberto"]
[Black "Leskovar, Mario"]
[Result "1-0"]
[WhiteElo "2450"]
[BlackElo "2380"]

1.e4 g6 2.d4 Bg7 3.Nc3 c6 4.Nf3 d5 5.h3 Nh6 6.Bf4 f6 7.Be2 O-O 8.O-O Nf7
9.Bg3 e6 10.Re1 b6 11.Bd3 Re8 12.Qe2 Bb7 13.exd5 cxd5 14.Nb5 Re7 15.c4 a6
16.Nc3 Nc6 17.a3 Nd6 18.cxd5 exd5 19.Qc2 Na5 20.Rxe7 Qxe7 21.Re1 Qd7 22.h4 Rc8
23.Bxd6 Qxd6 24.h5 f5 25.Ne5 Nc4 26.f4 b5 27.Qf2 Qb6 28.Nd1 Re8 29.Kh2 Nxe5
30.fxe5 Bc8 31.Qf4 Be6 32.Re3 gxh5 33.Rh3 Bf7 34.Rg3 Kh8 35.Qxf5 Bg6 36.Qd7 Rd8
37.Qe7 Re8 38.Qh4 Bh6 39.Bxg6 hxg6 40.Nc3 Qe6 41.Rf3 Bg7 42.Ne2 Bxe5+ 43.dxe5 Qxe5+
44.Nf4 Kh7 45.Rg3 Rg8 46.Rg5 Qe4 47.Qg3 Qe8 48.Nxd5 Qf7 49.Re5 Rg7 50.Qg5  1-0

[Event "GER-chJT"]
[Site "Leipzig"]
[Date "1995.??.??"]
[Round "?"]
[White "Von Kap herr, Alexander"]
[Black "Eichler, Christoph"]
[Result "1/2-1/2"]
[WhiteElo "2110"]
[BlackElo "2230"]

1.e4 g6 2.d4 Bg7 3.Nc3 c6 4.Nf3 d5 5.h3 Nf6 6.Bd3 dxe4 7.Nxe4 Nxe4 8.Bxe4 O-O
9.O-O Nd7 10.Re1 Qc7 11.c3 c5 12.Bg5 cxd4 13.Nxd4 Nc5 14.Bf3 e5 15.Nb5 Qb6
16.Nd6 Qc7 17.Nxc8 Raxc8 18.Qc2 Ne6 19.Be3 Nd4 20.Qe4 Nxf3+ 21.Qxf3 b6 22.Rad1 Qc4
23.Qd5 Qxd5 24.Rxd5 Rcd8 25.Red1 Rxd5 26.Rxd5 f5 27.f3 Bf6 28.Kf2 Rd8 29.Rxd8+ Bxd8
30.Ke2 Kf7 31.Kd3 Ke6 32.Kc4 a6 33.a4 Kd6 34.b4 Kc6 35.b5+ axb5+ 36.axb5+ Kd6
37.Kb4 Ke6 38.c4 Kd6 39.c5+ bxc5+ 40.Bxc5+ Kd5 41.Bf2 e4 42.b6 Kc6 43.Ka5 Bg5
44.fxe4 fxe4 45.Ka6 e3 46.Be1 Bf4  1/2-1/2

[Event "Liechtenstein op"]
[Site "Liechtenstein"]
[Date "1995.??.??"]
[Round "1"]
[White "Welsh, Michael"]
[Black "Novkovic, Milan"]
[Result "1/2-1/2"]
[WhiteElo "2200"]
[BlackElo "2380"]

1.e4 g6 2.d4 Bg7 3.Nc3 c6 4.Be3 d5 5.Qd2 h5 6.h3 Nh6 7.Nf3 dxe4 8.Nxe4 Nf5
9.Bc4 Nxe3 10.fxe3 e6 11.O-O O-O 12.Rf2 Nd7 13.Raf1 b5 14.Bb3 c5 15.dxc5 Bb7
16.Nfg5 Bxe4 17.Nxe4  1/2-1/2

[Event "Ljubljana op"]
[Site "Ljubljana"]
[Date "1995.??.??"]
[Round "8"]
[White "Podkriznik, Gregor"]
[Black "Basagic, Zlatko"]
[Result "0-1"]
[WhiteElo "2210"]
[BlackElo "2375"]

1.e4 g6 2.d4 Bg7 3.Nc3 c6 4.Bc4 d5 5.exd5 b5 6.Bb3 b4 7.Nce2 cxd5 8.Nf4 Nf6
9.Nf3 O-O 10.O-O Bg4 11.h3 Bxf3 12.Qxf3 Nc6 13.c3 e6 14.Ne2 Ne4 15.Ng3 f5
16.Nxe4 fxe4 17.Qg4 Rf5 18.Be3 bxc3 19.bxc3 Na5 20.f3 exf3 21.Rxf3 Nxb3 22.axb3 Qb6
23.b4 Rc8 24.Bf2 Qb7 25.Kh1 Qf7 26.Rxf5 Qxf5 27.Qxf5 gxf5 28.Rxa7 Rxc3 29.b5 Rc1+
30.Kh2 Rb1 31.Rb7 f4 32.b6 Bf8 33.g3 f3 34.Rc7 Rb2 35.Kg1 Rxb6 36.Rc3 Rb1+
37.Kh2 Rd1 38.Rxf3 Bg7 39.Rf4 e5 40.dxe5 Bxe5 41.Rf5 Bc3 42.Kg2 d4 43.Rc5 Kf7
44.Rc6 Ke7 45.h4 Kd7 46.Rh6 d3 47.Rxh7+ Ke6 48.Be3 d2 49.Bxd2 Rxd2+ 50.Kh3 Be5
51.Rh5 Rd3 52.Rg5 Bf6 53.Ra5 Be5 54.Kg2 Rxg3+ 55.Kf2 Rh3 56.Ra4 Kf5 57.Kg2 Rb3
58.Kf2 Bf4 59.Rc4 Kg4 60.Ke2 Re3+ 61.Kf2 Rd3 62.h5 Rd2+ 63.Ke1 Rh2 64.h6 Kf3
65.Kd1 Rd2+ 66.Ke1 Rd3  0-1